Medical masterclass : (Record no. 115157)

MARC details
000 -LEADER
fixed length control field 00945nam a2200301 a 4500
008 - FIXED-LENGTH DATA ELEMENTS--GENERAL INFORMATION
fixed length control field
020 ## - INTERNATIONAL STANDARD BOOK NUMBER
International Standard Book Number 1860162231 (pkk.)
020 ## - INTERNATIONAL STANDARD BOOK NUMBER
International Standard Book Number 186016210X (set)
049 ## - LOCAL HOLDINGS (OCLC)
Holding library MAIN
090 ## - LOCALLY ASSIGNED LC-TYPE CALL NUMBER (OCLC); LOCAL CALL NUMBER (RLIN)
Classification number (OCLC) (R) ; Classification number, CALL (RLIN) (NR) RC454
Local cutter number (OCLC) ; Book number/undivided call number, CALL (RLIN) MED
003 - CONTROL NUMBER IDENTIFIER
control field
005 - DATE AND TIME OF LATEST TRANSACTION
control field 20230120204005.0
040 ## - CATALOGING SOURCE
Transcribing agency NUST
245 10 - TITLE STATEMENT
Title Medical masterclass :
Remainder of title neurology, opthalmology and psychiatry /
Statement of responsibility, etc. [edited by] John D. Firth... [et al.]
246 ## - VARYING FORM OF TITLE
Title proper/short title Neurology, ophthalmology and psychiatry.
260 ## - PUBLICATION, DISTRIBUTION, ETC.
Place of publication, distribution, etc. London :
Name of publisher, distributor, etc. Royal College of Physicians,
Date of publication, distribution, etc. 2004.
300 ## - PHYSICAL DESCRIPTION
Extent xi, 236 p. :
Other physical details ill. (some col.);
Dimensions 30cm.
440 ## - SERIES STATEMENT/ADDED ENTRY--TITLE
Title Medical Masterclass.
500 ## - GENERAL NOTE
General note Learning materials for the MRCP (UK) examinations.
500 ## - GENERAL NOTE
General note Includes index.
650 ## - SUBJECT ADDED ENTRY--TOPICAL TERM
Topical term or geographic name entry element Medicine.
650 ## - SUBJECT ADDED ENTRY--TOPICAL TERM
Topical term or geographic name entry element Ophthalmology.
650 ## - SUBJECT ADDED ENTRY--TOPICAL TERM
Topical term or geographic name entry element Neurology.
650 ## - SUBJECT ADDED ENTRY--TOPICAL TERM
Topical term or geographic name entry element Psychiatry.
700 ## - ADDED ENTRY--PERSONAL NAME
Personal name Firth, John D.
907 ## - LOCAL DATA ELEMENT G, LDG (RLIN)
a .b10257032
b 16-05-12
c 06-11-08
942 ## - ADDED ENTRY ELEMENTS (KOHA)
Koha item type Ordinary Loan Books
Call number prefix RC454
Call number suffix MED
Holdings
Date last seen Total Checkouts Full call number Barcode Cost, replacement price Price effective from Koha item type Lost status Source of classification or shelving scheme Damaged status Not for loan Collection Withdrawn status Home library Current library Shelving location Date acquired Cost, normal purchase price
01/20/2023   RC454 MID 92004009962 80.00 01/20/2023 BOOKS   LCC     NFIC   Medical Medical GEN 01/20/2023 80.00